[Event "Goiania Gomes Memorial"]
[Site "Goiania"]
[Date "2015.12.04"]
[Round "5"]
[White "Froes, Leonardo Sanches"]
[Black "Da Silva Filho, Jair Humberto"]
[Result "0-1"]
[WhiteElo "1980"]
[BlackElo "1945"]
[PlyCount "126"]
[EventDate "2015.11.28"]
[EventType "tourn"]
[EventRounds "9"]
[EventCountry "BRA"]
[SourceTitle "CBM 170 Extra"]
[Source "ChessBase"]
[SourceDate "2016.02.25"]
[SourceVersion "1"]
[SourceVersionDate "2016.02.25"]
[SourceQuality "1"]

1. d4 Nf6 2. c4 g6 3. Nc3 Bg7 4. g3 0-0 5. Bg2 d6 6. Nf3 Nbd7 7. 0-0 e5 8. e4 Re8 9. Re1 c6 10. h3 a5 11. Be3 exd4 12. Bxd4 Ne5 13. Bxe5 dxe5 14. Qxd8 Rxd8 15. Nxe5 Rd2 16. Rad1 Rxd1 17. Nxd1 Be6 18. b3 a4 19. b4 Ne8 20. f4 Bxe5 21. fxe5 Bxc4 22. a3 Rd8 23. Nb2 Bb3 24. Bf1 Rd2 25. Re2 Rd7 26. Re3 Rd2 27. Re2 Rd4 28. Kf2 Nc7 29. Re3 Kf8 30. Kf3 Ke7 31. Bd3 Ke6 32. Be2 Kxe5 33. Nd3+ Kd6 34. Nc5 Ne6 35. Nxb7+ Ke5 36. Na5 Ng5+ 37. Kg4 Rxe4+ 38. Rxe4+ Nxe4 39. Nxc6+ Kd5 40. Na5 Kd4 41. Kf4 Nc3 42. Nc6+ Kd5 43. Bf3+ Kd6 44. Nd4 Bd5 45. Nc2 Bxf3 46. Kxf3 Kd5 47. Ke3 Kc4 48. g4 Kb3 49. Kd3 Nd5 50. Kd4 Nc7 51. Kd3 f5 52. gxf5 gxf5 53. Nd4+ Kxa3 54. b5 f4 55. b6 Na6 56. Kc4 Kb2 57. Kb5 a3 58. Kxa6 a2 59. b7 a1Q+ 60. Kb6 Qg1 61. b8Q Qxd4+ 62. Ka6+ Kc3 63. Qb1 Qd3+ 0-1

[Event "Goiania Gomes Memorial"]
[Site "Goiania"]
[Date "2015.11.28"]
[Round "1"]
[White "Garcia, Gabriel Gonzaga"]
[Black "Froes, Leonardo Sanches"]
[Result "1-0"]
[WhiteElo "2086"]
[BlackElo "1980"]
[PlyCount "65"]
[EventDate "2015.11.28"]
[EventType "tourn"]
[EventRounds "9"]
[EventCountry "BRA"]
[SourceTitle "CBM 170 Extra"]
[Source "ChessBase"]
[SourceDate "2016.02.25"]
[SourceVersion "1"]
[SourceVersionDate "2016.02.25"]
[SourceQuality "1"]

1. e4 c5 2. Nf3 e6 3. d4 cxd4 4. Nxd4 Nc6 5. Nc3 Qc7 6. Be2 a6 7. 0-0 Nf6 8. Be3 Bb4 9. Nxc6 bxc6 10. Qd4 Be7 11. e5 Nd5 12. Nxd5 cxd5 13. c4 Bb7 14. Rac1 Qb8 15. Rfd1 0-0 16. Bf3 Bc6 17. cxd5 exd5 18. b3 Re8 19. Bf4 Qb7 20. Bxd5 Rac8 21. Bxc6 dxc6 22. Qd7 Qb4 23. Rd4 Qa5 24. e6 fxe6 25. Qxe6+ Kh8 26. Ra4 Qb5 27. Qc4 Rf8 28. Rxa6 Qxc4 29. Rxc4 Rcd8 30. g3 c5 31. Re6 Rf7 32. Kg2 g5 33. Rxe7 1-0

[Event "Sao Paulo op-B 3rd"]
[Site "Sao Paulo"]
[Date "2015.09.18"]
[Round "2"]
[White "Gonsalez, Yuri dos Santos Car"]
[Black "Froes, Leonardo Sanches"]
[Result "0-1"]
[WhiteElo "1800"]
[BlackElo "1989"]
[PlyCount "74"]
[EventDate "2015.09.17"]
[EventType "swiss"]
[EventRounds "6"]
[EventCountry "BRA"]
[SourceTitle "EXT 2016"]
[Source "ChessBase"]
[SourceDate "2015.10.08"]
[SourceVersion "1"]
[SourceVersionDate "2015.10.08"]
[SourceQuality "1"]

1. e4 c5 2. Nc3 Nc6 3. Nf3 e6 4. Bb5 Nd4 5. 0-0 a6 6. Be2 Ne7 7. d3 Nec6 8. Be3 Be7 9. Bxd4 cxd4 10. Nb1 0-0 11. c3 Bf6 12. Qc2 d5 13. exd5 Qxd5 14. c4 Qf5 15. a3 Ne7 16. Nbd2 Bd7 17. Ne4 Bc6 18. Nxf6+ Qxf6 19. Qd1 Ng6 20. b3 Nf4 21. g3 Nxe2+ 22. Qxe2 Bxf3 23. Qd2 Qf5 24. Qf4 Qxf4 25. gxf4 f5 26. h3 Rf6 27. Rfe1 Rg6+ 28. Kf1 Bg2+ 29. Ke2 Bxh3 30. Rab1 Bg4+ 31. Kd2 Bf3 32. c5 Rg2 33. Rf1 h5 34. Rbe1 Kf7 35. b4 h4 36. a4 h3 37. Kc1 h2 0-1

[Event "Goiania Goias-ch"]
[Site "Goiania"]
[Date "2015.02.27"]
[Round "2"]
[White "Froes, Leonardo Sanches"]
[Black "De Araujo, Mauro Rogerio Peixo"]
[Result "1/2-1/2"]
[WhiteElo "1958"]
[BlackElo "1814"]
[PlyCount "49"]
[EventDate "2015.02.27"]
[EventType "swiss"]
[EventRounds "6"]
[EventCountry "BRA"]
[SourceTitle "CBM 165 Extra"]
[Source "ChessBase"]
[SourceDate "2015.04.21"]
[SourceVersion "1"]
[SourceVersionDate "2015.04.21"]
[SourceQuality "1"]

1. d4 d5 2. c4 e6 3. Nc3 c6 4. e3 Nf6 5. Nf3 Be7 6. Qc2 0-0 7. Bd3 Nbd7 8. 0-0 Bd6 9. Rd1 Qc7 10. e4 dxc4 11. Bxc4 e5 12. h3 exd4 13. Nxd4 Ne5 14. Be2 Ng6 15. Be3 Bh2+ 16. Kh1 Bf4 17. Qc1 Re8 18. Bxf4 Qxf4 19. Qxf4 Nxf4 20. Bf3 Be6 21. Rd2 Re7 22. Rad1 Rae8 23. b3 Kf8 24. e5 N6d5 25. Nxe6+ 1/2-1/2

[Event "Goiania Gomes Memorial"]
[Site "Goiania"]
[Date "2014.12.07"]
[Round "9"]
[White "De Moura, Valderi Nascimento"]
[Black "Froes, Leonardo Sanches"]
[Result "1/2-1/2"]
[WhiteElo "1705"]
[BlackElo "1961"]
[PlyCount "134"]
[EventDate "2014.11.29"]
[EventType "tourn"]
[EventRounds "9"]
[EventCountry "BRA"]
[SourceTitle "CBM 163 Extra"]
[Source "ChessBase"]
[SourceDate "2014.12.23"]
[SourceVersion "1"]
[SourceVersionDate "2014.12.23"]
[SourceQuality "1"]

1. d4 Nf6 2. c4 e6 3. Nc3 Bb4 4. Qc2 c5 5. e3 0-0 6. Bd3 d5 7. Nf3 Nc6 8. Bd2 dxc4 9. Bxc4 cxd4 10. exd4 Nxd4 11. Nxd4 Qxd4 12. Bd3 Qe5+ 13. Be2 Bd7 14. 0-0 Bc6 15. Rad1 Rad8 16. Rfe1 Qb8 17. Bg5 Be7 18. Bd3 h6 19. Bh4 Rd7 20. h3 Rfd8 21. Qe2 Qf4 22. Bg3 Qg5 23. Qc2 Bd6 24. Kh2 Nh5 25. Bh7+ Kh8 26. Rxd6 Nxg3 27. Rxc6 bxc6 28. fxg3 f5 29. Rxe6 Kxh7 30. Ne2 Rd6 31. Nf4 R8d7 32. Re5 g6 33. Qc4 Re7 34. Rc5 Qf6 35. Qc2 Red7 36. b3 Re7 37. Ra5 Qd4 38. Ra4 Qe5 39. Rc4 Qf6 40. Rc5 h5 41. h4 Re4 42. Nh3 Rg4 43. Qc1 Rgd4 44. Ng5+ Kg8 45. Qe1 Qd8 46. Re5 Qf6 47. Re8+ Kg7 48. Re7+ Kg8 49. Re8+ Kg7 50. Qe2 Rd3 51. Qf2 Qd4 52. Re7+ Kg8 53. Qe1 Qf6 54. Rxa7 Rd8 55. Qb4 R3d7 56. Qc4+ Rd5 57. a4 Qd4 58. Qa6 R5d7 59. Ra8 Qd6 60. Rxd8+ Rxd8 61. a5 Re8 62. Qb7 Re7 63. Qb6 f4 64. gxf4 Qxf4+ 65. Kh3 Qg4+ 66. Kh2 Qf4+ 67. Kh3 Qg4+ 1/2-1/2

[Event "Goiania-ch Phase 03"]
[Site "Goiania"]
[Date "2014.08.10"]
[Round "6"]
[White "Froes, Leonardo Sanches"]
[Black "Da Silva Filho, Jair Humberto"]
[Result "1-0"]
[WhiteElo "1959"]
[BlackElo "1882"]
[PlyCount "49"]
[EventDate "2014.08.08"]
[EventType "swiss"]
[EventRounds "6"]
[EventCountry "BRA"]
[SourceTitle "CBM 162 Extra"]
[Source "ChessBase"]
[SourceDate "2014.10.17"]
[SourceVersion "1"]
[SourceVersionDate "2014.10.17"]
[SourceQuality "1"]

1. d4 Nf6 2. c4 g6 3. Nc3 Bg7 4. e4 d6 5. f4 0-0 6. Nf3 c5 7. dxc5 Qa5 8. Bd3 Qxc5 9. Qe2 Bg4 10. Be3 Qc7 11. Qf2 Bxf3 12. gxf3 Nbd7 13. 0-0 Nc5 14. Be2 Rac8 15. Rac1 a5 16. Rfd1 a4 17. Bf1 Qa5 18. Nb5 Nfd7 19. Bh3 Rcd8 20. e5 Qb4 21. exd6 exd6 22. Rxd6 Bxb2 23. Bd2 Bxc1 24. Bxb4 Bxf4 25. Bxc5 1-0

[Event "Goiania-ch Phase 03"]
[Site "Goiania"]
[Date "2014.08.08"]
[Round "1"]
[White "Froes, Leonardo Sanches"]
[Black "Montufar Berrios, Eymi Priscila"]
[Result "1-0"]
[WhiteElo "1959"]
[BlackElo "1546"]
[PlyCount "133"]
[EventDate "2014.08.08"]
[EventType "swiss"]
[EventRounds "6"]
[EventCountry "BRA"]
[SourceTitle "CBM 162 Extra"]
[Source "ChessBase"]
[SourceDate "2014.10.17"]
[SourceVersion "1"]
[SourceVersionDate "2014.10.17"]
[SourceQuality "1"]

1. d4 Nf6 2. c4 g6 3. Nc3 Bg7 4. e4 d6 5. f4 0-0 6. Nf3 c5 7. dxc5 dxc5 8. Bd3 Nc6 9. 0-0 Nd4 10. e5 Nxf3+ 11. Qxf3 Nd7 12. Be4 Rb8 13. Rd1 Qc7 14. Nd5 Qd8 15. Be3 b6 16. Rd2 e6 17. Nc3 a6 18. Rad1 Qc7 19. Bf2 f6 20. Qh3 f5 21. Bf3 Rf7 22. Bh4 Bb7 23. Rd6 Bxf3 24. Qxf3 Re8 25. Qd3 Nf8 26. Bd8 Qc8 27. Bxb6 g5 28. g3 gxf4 29. gxf4 Bh6 30. Qf3 Rg7+ 31. Kf2 Rg4 32. Rg1 Rxg1 33. Kxg1 Re7 34. Kf1 Nd7 35. Ne2 Qb8 36. Qc6 Qe8 37. Bxc5 Nxc5 38. Qxc5 Qh5 39. Rd8+ Kf7 40. Qg1 Bg7 41. Qg2 Rc7 42. Rb8 Bf8 43. Rb7 Re7 44. Rxe7+ Bxe7 45. a3 a5 46. Ke1 Bh4+ 47. Kd2 Kf8 48. Qa8+ Qe8 49. Qxe8+ Kxe8 50. Nd4 Kd7 51. b4 axb4 52. axb4 Bf2 53. Kd3 h5 54. c5 h4 55. b5 h3 56. c6+ Ke7 57. b6 Bxd4 58. Kxd4 Kd8 59. Kc5 Kc8 60. Kd6 Kd8 61. b7 Ke8 62. Kxe6 Kf8 63. Kf6 Kg8 64. b8Q+ Kh7 65. Qc7+ Kh6 66. Qg7+ Kh5 67. Qg5# 1-0

[Event "Goiania-ch Phase 03"]
[Site "Goiania"]
[Date "2014.08.08"]
[Round "2"]
[White "Santos, Luciano da Silva"]
[Black "Froes, Leonardo Sanches"]
[Result "1/2-1/2"]
[WhiteElo "1884"]
[BlackElo "1959"]
[PlyCount "33"]
[EventDate "2014.08.08"]
[EventType "swiss"]
[EventRounds "6"]
[EventCountry "BRA"]
[SourceTitle "CBM 162 Extra"]
[Source "ChessBase"]
[SourceDate "2014.10.17"]
[SourceVersion "1"]
[SourceVersionDate "2014.10.17"]
[SourceQuality "1"]

1. f4 d5 2. Nf3 Nf6 3. b3 g6 4. Bb2 Bg7 5. e3 0-0 6. Be2 c5 7. 0-0 Nc6 8. Ne5 Qc7 9. Nxc6 Qxc6 10. Na3 b6 11. Bf3 Bb7 12. Qe2 Qd7 13. Rae1 Rad8 14. d3 Ba6 15. c4 dxc4 16. dxc4 Qd2 17. Rf2 1/2-1/2

[Event "Goiania-ch Phase 02"]
[Site "Goiania"]
[Date "2014.05.25"]
[Round "5"]
[White "Froes, Leonardo Sanches"]
[Black "Correa, Lorenna Martins"]
[Result "1-0"]
[WhiteElo "1966"]
[BlackElo "1683"]
[PlyCount "73"]
[EventDate "2014.05.23"]
[EventType "swiss"]
[EventRounds "6"]
[EventCountry "BRA"]
[SourceTitle "EXT 2016"]
[Source "ChessBase"]
[SourceDate "2015.10.08"]
[SourceVersion "1"]
[SourceVersionDate "2015.10.08"]
[SourceQuality "1"]

1. d4 d5 2. Nf3 Nf6 3. Bf4 e6 4. e3 c5 5. Nbd2 Nc6 6. c3 Bd6 7. Ne5 Qc7 8. Bb5 0-0 9. Bxc6 bxc6 10. 0-0 cxd4 11. exd4 c5 12. Re1 cxd4 13. cxd4 Qb6 14. Ndc4 Qc7 15. Nxd6 Qxd6 16. Ng6 Qb6 17. Nxf8 Kxf8 18. Qc2 Ne4 19. f3 Nd6 20. Qc5 Qxc5 21. dxc5 Nb5 22. Red1 a5 23. a4 Na7 24. Rd3 Nc6 25. Bd6+ Ke8 26. Rb3 Kd7 27. Rd1 Nb4 28. f4 Ba6 29. f5 Bc4 30. fxe6+ Kxe6 31. Re1+ Kf6 32. Rf3+ Kg6 33. b3 Bd3 34. Re7 f6 35. Rg3+ Kf5 36. Rgxg7 Nc6 37. g4# 1-0

[Event "Goiania op"]
[Site "Goiania"]
[Date "2012.03.09"]
[Round "2"]
[White "Froes, Leonardo Sanches"]
[Black "Rezende, Guilherme Vilela"]
[Result "1-0"]
[WhiteElo "1886"]
[BlackElo "2039"]
[PlyCount "73"]
[EventDate "2012.03.09"]
[EventType "swiss"]
[EventRounds "6"]
[EventCountry "BRA"]
[SourceTitle "CBM 147 Extra"]
[Source "ChessBase"]
[SourceDate "2012.04.24"]
[SourceVersion "1"]
[SourceVersionDate "2012.04.24"]
[SourceQuality "1"]

1. d4 Nf6 2. Nf3 e6 3. Bf4 c5 4. e3 d5 5. Nbd2 Nc6 6. c3 Bd6 7. Bg3 Bxg3 8. hxg3 Qb6 9. Rb1 Bd7 10. Bd3 c4 11. Bc2 Qa5 12. a3 Qc7 13. e4 dxe4 14. Nxe4 Nxe4 15. Bxe4 f5 16. Bc2 g6 17. Qe2 Ne7 18. Ne5 b5 19. 0-0 Nd5 20. Rfe1 Qd6 21. g4 0-0 22. Nxd7 Qxd7 23. Qxe6+ Qxe6 24. Rxe6 fxg4 25. Rbe1 Kf7 26. Bd1 h5 27. Bc2 Nf4 28. Re7+ Kf6 29. g3 Nh3+ 30. Kf1 Ng5 31. R1e5 Rf7 32. Rxf7+ Nxf7 33. Rxb5 Re8 34. Rc5 g5 35. Rxc4 h4 36. Rc6+ Kg7 37. gxh4 1-0

[Event "Americana op"]
[Site "Americana"]
[Date "2009.09.06"]
[Round "4"]
[White "Froes, Leonardo Sanches"]
[Black "Rodrigo da Silva, Edson"]
[Result "1-0"]
[WhiteElo "1877"]
[BlackElo "2009"]
[PlyCount "51"]
[EventDate "2009.09.05"]
[EventType "swiss"]
[EventRounds "6"]
[EventCountry "BRA"]
[SourceTitle "CBM 132 Extra"]
[Source "ChessBase"]
[SourceDate "2009.11.03"]
[SourceVersion "1"]
[SourceVersionDate "2009.11.03"]
[SourceQuality "1"]

1. d4 d5 2. Nf3 Nf6 3. Bf4 c5 4. e3 Qb6 5. Qc1 Nc6 6. c3 Bf5 7. Nbd2 e6 8. Nh4 Bg4 9. Bd3 Rc8 10. Nhf3 Be7 11. 0-0 0-0 12. Qb1 Rfd8 13. h3 Bh5 14. Ne5 Bd6 15. Ndc4 dxc4 16. Nxc4 Qc7 17. Nxd6 Rxd6 18. dxc5 e5 19. cxd6 Qxd6 20. Bg5 h6 21. Bxf6 Qxf6 22. g4 Qg5 23. f4 exf4 24. exf4 Qh4 25. Be4 Rd8 26. Qe1 1-0

[Event "Itauna op"]
[Site "Itauna"]
[Date "2009.08.23"]
[Round "6"]
[White "Gazel Pereira, Frederico"]
[Black "Froes, Leonardo Sanches"]
[Result "1/2-1/2"]
[WhiteElo "2278"]
[BlackElo "1877"]
[PlyCount "105"]
[EventDate "2009.08.21"]
[EventType "swiss"]
[EventRounds "6"]
[EventCountry "BRA"]
[SourceTitle "CBM 132 Extra"]
[Source "ChessBase"]
[SourceDate "2009.11.03"]
[SourceVersion "1"]
[SourceVersionDate "2009.11.03"]
[SourceQuality "1"]

1. e4 c6 2. d4 d5 3. exd5 cxd5 4. c4 Nf6 5. Nc3 Nc6 6. cxd5 Nxd5 7. Nf3 Bg4 8. Be2 e6 9. 0-0 Be7 10. h3 Bh5 11. Qb3 Bxf3 12. Bxf3 Nxd4 13. Qa4+ Nc6 14. Nxd5 exd5 15. Rd1 0-0 16. Rxd5 Qc8 17. Rb5 a6 18. Rxb7 Qxb7 19. Bxc6 Qb6 20. Bxa8 Rxa8 21. Qe4 Re8 22. Rb1 Qd8 23. Qc2 Qd5 24. Bd2 Rd8 25. Bc3 Qxa2 26. Re1 Bf8 27. Qe2 Qa4 28. Qf3 h6 29. g3 Qd7 30. Kh2 Re8 31. Rd1 Qe6 32. Rd4 g6 33. Rd1 Bg7 34. Re1 Qd7 35. Qg4 Qc6 36. Rxe8+ Qxe8 37. Qc4 Bxc3 38. Qxc3 Qb5 39. g4 a5 40. Kg3 a4 41. Kf4 h5 42. Qe5 Qb4+ 43. Kg5 hxg4 44. hxg4 a3 45. Qe8+ Kg7 46. Qe5+ Kg8 47. bxa3 Qxa3 48. Qe8+ Kg7 49. Qe5+ Kg8 50. f4 Qf8 51. Qc7 Qg7 52. Qb8+ Kh7 53. Qe5 1/2-1/2